000 00417nam a2200169Ia 4500
008 230524s9999 xx 000 0 und d
082 _a537.12
_bNAT
100 _aKedar Nath
_923723
245 0 _aAdvanced Quantum Mechanics
250 _a2ND
260 _aNEW DELHI
_bSatya Prakash
_c2008
300 _aXVI;1209
500 _aQuantity Number: 1
650 _aPhysics
700 _a Ram Nath
_923724
942 _cBK
999 _c35259
_d35259